[Event "Euskadi-chT (Vasca) Div 1st"]
[Site "Bergara"]
[Date "2016.01.16"]
[Round "2.4"]
[White "Sanz Perez, Eduardo"]
[Black "Sanz Rodero, Mikel"]
[Result "1/2-1/2"]
[WhiteElo "2105"]
[BlackElo "2158"]
[PlyCount "53"]
[EventDate "2016.01.09"]
[EventType "team-tourn"]
[EventRounds "9"]
[EventCountry "ESP"]
[SourceTitle "EXT 2024"]
[Source "ChessBase"]
[SourceDate "2023.10.10"]
[SourceVersion "1"]
[SourceVersionDate "2023.10.10"]
[SourceQuality "1"]

1. f4 d6 2. e4 d5 3. e5 c5 4. Nf3 Bg4 5. h3 Bxf3 6. Qxf3 Nc6 7. Bb5 e6 8. 0-0 Nge7 9. c3 h5 10. Qf2 Qb6 11. a4 h4 12. b4 cxb4 13. Qxb6 axb6 14. cxb4 Nf5 15. Nc3 Bxb4 16. Ba3 Bxa3 17. Rxa3 Nfd4 18. Rb1 Nxb5 19. Rxb5 Ra6 20. Ra2 Na5 21. d3 Kd7 22. Rab2 Rc8 23. Ne2 Nc6 24. Rxb6 Rxb6 25. Rxb6 Rb8 26. Rb2 Ra8 27. Nc3 1/2-1/2

[Event "Barcelona Sants op 17th"]
[Site "Barcelona"]
[Date "2015.08.28"]
[Round "8"]
[White "Midoux, Sebastien"]
[Black "Sanz Rodero, Mikel"]
[Result "1-0"]
[WhiteElo "2344"]
[BlackElo "2150"]
[PlyCount "69"]
[EventDate "2015.08.21"]
[EventType "swiss"]
[EventRounds "10"]
[EventCountry "ESP"]
[SourceTitle "EXT 2016"]
[Source "ChessBase"]
[SourceDate "2015.10.08"]
[SourceVersion "1"]
[SourceVersionDate "2015.10.08"]
[SourceQuality "1"]

1. e4 d5 2. exd5 Qxd5 3. Nf3 Bg4 4. Be2 Nc6 5. h3 Bxf3 6. Bxf3 Qe5+ 7. Qe2 Qxe2+ 8. Bxe2 0-0-0 9. 0-0 e5 10. d3 Nd4 11. Bd1 g6 12. Nd2 Bh6 13. Re1 f6 14. Ne4 Bxc1 15. Rxc1 h6 16. c3 Ne6 17. Bb3 Nf4 18. Rcd1 b6 19. g3 Nxh3+ 20. Kg2 Ng5 21. Bxg8 Rhxg8 22. Nxf6 Rgf8 23. Ng4 e4 24. dxe4 Rxd1 25. Rxd1 Nxe4 26. Rd4 Ng5 27. Nxh6 Nf3 28. Re4 Kd7 29. Ng4 Kd6 30. Re3 Ng5 31. Ne5 Rf6 32. f4 Ne6 33. Nxg6 Rxg6 34. f5 Nf4+ 35. Kf3 1-0

[Event "Barcelona Sants op 17th"]
[Site "Barcelona"]
[Date "2015.08.27"]
[Round "7"]
[White "Sanz Rodero, Mikel"]
[Black "Paramzina, Anastasya"]
[Result "1-0"]
[WhiteElo "2150"]
[BlackElo "2303"]
[PlyCount "93"]
[EventDate "2015.08.21"]
[EventType "swiss"]
[EventRounds "10"]
[EventCountry "ESP"]
[SourceTitle "EXT 2016"]
[Source "ChessBase"]
[SourceDate "2015.10.08"]
[SourceVersion "1"]
[SourceVersionDate "2015.10.08"]
[SourceQuality "1"]

1. d4 d5 2. Bf4 Nf6 3. e3 c5 4. c3 Qb6 5. Qb3 c4 6. Qc2 Nc6 7. Nd2 Bg4 8. Be2 Bxe2 9. Nxe2 e6 10. 0-0 Be7 11. Ng3 0-0 12. e4 Qd8 13. Bg5 b5 14. e5 Nd7 15. Bxe7 Qxe7 16. f4 g6 17. Rae1 b4 18. Qd1 bxc3 19. bxc3 Qa3 20. Re3 Qxa2 21. Nf3 Rab8 22. Ng5 Rb2 23. Qf3 h6 24. Nh3 Ne7 25. f5 exf5 26. Nf4 Nb6 27. e6 a5 28. Rfe1 Rb1 29. h4 Kh7 30. Kh2 Rxe1 31. Rxe1 a4 32. exf7 Rxf7 33. Re6 Qb2 34. h5 g5 35. Ng6 Ng8 36. Ne5 Rf8 37. Ng6 Rf7 38. Ne5 Rf8 39. Rc6 Ne7 40. Ng6 Nxc6 41. Nxf8+ Kg8 42. Qxf5 Qa3 43. Ne6 Qe7 44. Qg6+ Kh8 45. Nf5 Qb7 46. Qe8+ Kh7 47. Nf8+ 1-0

[Event "Barcelona Sants op 17th"]
[Site "Barcelona"]
[Date "2015.08.24"]
[Round "4"]
[White "Delorme, Alban"]
[Black "Sanz Rodero, Mikel"]
[Result "1-0"]
[WhiteElo "2331"]
[BlackElo "2150"]
[PlyCount "45"]
[EventDate "2015.08.21"]
[EventType "swiss"]
[EventRounds "10"]
[EventCountry "ESP"]
[SourceTitle "EXT 2016"]
[Source "ChessBase"]
[SourceDate "2015.10.08"]
[SourceVersion "1"]
[SourceVersionDate "2015.10.08"]
[SourceQuality "1"]

1. d4 Nf6 2. Nf3 e6 3. g3 d5 4. Bg2 b5 5. 0-0 Be7 6. a4 b4 7. c4 bxc3 8. Nxc3 Nbd7 9. Qc2 Bb7 10. Bf4 c5 11. Nb5 0-0 12. Bc7 Qc8 13. Bd6 Re8 14. dxc5 Ne4 15. Bxe7 Rxe7 16. b4 a5 17. Nfd4 Nb8 18. Bxe4 dxe4 19. Nd6 Qd7 20. Nxb7 Qxb7 21. c6 Qb6 22. Qxe4 f5 23. Nxf5 1-0

[Event "Euskadi-chT (Vasca) Div 1st"]
[Site "Bergara"]
[Date "2015.02.07"]
[Round "5.1"]
[White "Sanz Rodero, Mikel"]
[Black "Pastor Pons, Carlos Luis"]
[Result "1/2-1/2"]
[WhiteElo "2177"]
[BlackElo "2161"]
[PlyCount "20"]
[EventDate "2015.01.10"]
[EventType "team-tourn"]
[EventRounds "9"]
[EventCountry "ESP"]
[SourceTitle "EXT 2024"]
[Source "ChessBase"]
[SourceDate "2023.10.10"]
[SourceVersion "1"]
[SourceVersionDate "2023.10.10"]
[SourceQuality "1"]

1. d4 Nf6 2. Nf3 g6 3. Nc3 d5 4. Bf4 Bg7 5. e3 c6 6. Be2 0-0 7. Ne5 Nbd7 8. h4 h6 9. Bf3 Ne8 10. Nxd7 Bxd7 1/2-1/2

[Event "Euskadi-chT (Vasca) Div 1st"]
[Site "Bergara"]
[Date "2015.01.24"]
[Round "3.1"]
[White "Sanz Rodero, Mikel"]
[Black "Marchena Hurtado, Javier"]
[Result "1/2-1/2"]
[WhiteElo "2177"]
[BlackElo "2322"]
[PlyCount "26"]
[EventDate "2015.01.10"]
[EventType "team-tourn"]
[EventRounds "9"]
[EventCountry "ESP"]
[SourceTitle "EXT 2024"]
[Source "ChessBase"]
[SourceDate "2023.10.10"]
[SourceVersion "1"]
[SourceVersionDate "2023.10.10"]
[SourceQuality "1"]

1. d4 d5 2. Bf4 c5 3. e3 Nc6 4. c3 Nf6 5. Nd2 Bf5 6. Qb3 Qd7 7. Ngf3 c4 8. Qd1 e6 9. Be2 Bd6 10. 0-0 0-0 11. Nh4 b5 12. g4 Bg6 13. g5 Ne8 1/2-1/2

[Event "Donostia Spring op 09th"]
[Site "Donostia"]
[Date "2013.05.25"]
[Round "7"]
[White "Sanz Rodero, Mikel"]
[Black "Navascues Zabaleta, Jesus"]
[Result "1-0"]
[WhiteElo "2117"]
[BlackElo "1783"]
[PlyCount "111"]
[EventDate "2013.04.19"]
[EventType "swiss"]
[EventRounds "8"]
[EventCountry "ESP"]
[SourceTitle "EXT 2024"]
[Source "ChessBase"]
[SourceDate "2023.10.10"]
[SourceVersion "1"]
[SourceVersionDate "2023.10.10"]
[SourceQuality "1"]

1. d4 Nf6 2. Nf3 g6 3. Nc3 Bg7 4. e4 d6 5. Be2 0-0 6. 0-0 Nbd7 7. e5 Ne8 8. Bf4 c6 9. Re1 Nb6 10. h3 Be6 11. Bf1 Nc7 12. Bg5 dxe5 13. dxe5 Bd7 14. Qd2 Ne6 15. Bh4 Re8 16. Rad1 Qc7 17. a4 Rad8 18. a5 Nd5 19. Nxd5 cxd5 20. Qb4 Bc6 21. Bg3 Qc8 22. Nd4 Nxd4 23. Qxd4 a6 24. c3 e6 25. Bh4 Rd7 26. Bg5 h6 27. Bf4 Qd8 28. Qc5 Bf8 29. Qb6 Qxb6 30. axb6 Bc5 31. Bxh6 Bxb6 32. Be3 Bc7 33. Bd4 Bd8 34. f4 Be7 35. g4 Rc7 36. Kg2 Kg7 37. Kf3 f5 38. exf6+ Bxf6 39. g5 Bxd4 40. Rxd4 Rf7 41. Kg4 Ref8 42. Bd3 Bd7 43. Re5 Re7 44. h4 b5 45. Kg3 Rfe8 46. Be2 Kf7 47. h5 Rh8 48. h6 Rh7 49. Kf2 Rh8 50. Bg4 Rhe8 51. Ke3 Kg8 52. Rd1 Kf7 53. Re1 Kf8 54. Kd3 Kf7 55. f5 gxf5 56. Bh5+ 1-0

[Event "Donostia Spring op 09th"]
[Site "Donostia"]
[Date "2013.05.11"]
[Round "5"]
[White "Sanz Rodero, Mikel"]
[Black "Navarro Navarro, Juan Manuel"]
[Result "1/2-1/2"]
[WhiteElo "2117"]
[BlackElo "1913"]
[PlyCount "48"]
[EventDate "2013.04.19"]
[EventType "swiss"]
[EventRounds "8"]
[EventCountry "ESP"]
[SourceTitle "EXT 2024"]
[Source "ChessBase"]
[SourceDate "2023.10.10"]
[SourceVersion "1"]
[SourceVersionDate "2023.10.10"]
[SourceQuality "1"]

1. d4 Nf6 2. Nf3 g6 3. Nc3 d5 4. Bf4 c6 5. e3 Bg7 6. Be2 Nbd7 7. Ne5 0-0 8. h4 Ne4 9. Nxe4 dxe4 10. Ng4 Qa5+ 11. Qd2 Qxd2+ 12. Kxd2 h5 13. Ne5 Nxe5 14. dxe5 Be6 15. c4 Rad8+ 16. Kc3 f6 17. Rhd1 fxe5 18. Bg3 Rd6 19. b4 Rfd8 20. a4 Bg4 21. Rxd6 exd6 22. Bxg4 hxg4 23. h5 g5 24. Rh1 Kh7 1/2-1/2

[Event "Huarte Puente Foral op 7th"]
[Site "Huarte"]
[Date "2012.12.08"]
[Round "6"]
[White "Sanz Rodero, Mikel"]
[Black "Prieto Aranguren, Alain"]
[Result "1/2-1/2"]
[WhiteElo "2082"]
[BlackElo "2193"]
[PlyCount "27"]
[EventDate "2012.12.04"]
[EventType "swiss"]
[EventRounds "7"]
[EventCountry "ESP"]
[SourceTitle "EXT 2016"]
[Source "ChessBase"]
[SourceDate "2015.10.08"]
[SourceVersion "1"]
[SourceVersionDate "2015.10.08"]
[SourceQuality "1"]

1. d4 Nf6 2. Nf3 g6 3. c4 Bg7 4. Nc3 0-0 5. e4 d6 6. Be2 e5 7. dxe5 dxe5 8. Qxd8 Rxd8 9. Bg5 Re8 10. Nd5 Nxd5 11. cxd5 c6 12. Bc4 cxd5 13. Bxd5 Nc6 14. Bxc6 1/2-1/2

[Event "Huarte Puente Foral op 7th"]
[Site "Huarte"]
[Date "2012.12.07"]
[Round "5"]
[White "Sanz Rodero, Mikel"]
[Black "Aguinaga Ruiz, Jesus Luis"]
[Result "1-0"]
[WhiteElo "2082"]
[BlackElo "1944"]
[PlyCount "91"]
[EventDate "2012.12.04"]
[EventType "swiss"]
[EventRounds "7"]
[EventCountry "ESP"]
[SourceTitle "EXT 2016"]
[Source "ChessBase"]
[SourceDate "2015.10.08"]
[SourceVersion "1"]
[SourceVersionDate "2015.10.08"]
[SourceQuality "1"]

1. e4 Nc6 2. Nf3 Nf6 3. e5 Ng4 4. d4 d6 5. h3 Nh6 6. Nc3 a6 7. Bg5 Bf5 8. Nh4 Qd7 9. g4 Bg6 10. d5 Nxe5 11. f4 Nexg4 12. hxg4 Qxg4 13. Qxg4 Nxg4 14. Nxg6 fxg6 15. Kd2 Nh6 16. Bd3 Nf5 17. Rae1 Kd7 18. Ne2 c5 19. dxc6+ bxc6 20. Bxf5+ gxf5 21. Nd4 Re8 22. Ne6 h6 23. Bh4 Rg8 24. Rhg1 g5 25. fxg5 hxg5 26. Nxf8+ Rexf8 27. Rxg5 Rh8 28. Bf2 Rf7 29. Reg1 Rhh7 30. Rg8 Rh2 31. Ke2 f4 32. Ra8 f3+ 33. Ke3 Rf5 34. Rf1 a5 35. Ke4 Ke6 36. Ra7 d5+ 37. Kd3 Rg2 38. Bc5 f2 39. Rxe7+ Kf6 40. Re2 Rg3+ 41. Kd2 Rg4 42. Rexf2 Rxf2+ 43. Rxf2+ Ke5 44. Re2+ Kf6 45. c3 Rc4 46. Bd4+ 1-0

[Event "Huarte Puente Foral op 7th"]
[Site "Huarte"]
[Date "2012.12.06"]
[Round "3"]
[White "Ruiz Escobar, Rafael"]
[Black "Sanz Rodero, Mikel"]
[Result "0-1"]
[WhiteElo "1943"]
[BlackElo "2082"]
[PlyCount "70"]
[EventDate "2012.12.04"]
[EventType "swiss"]
[EventRounds "7"]
[EventCountry "ESP"]
[SourceTitle "EXT 2016"]
[Source "ChessBase"]
[SourceDate "2015.10.08"]
[SourceVersion "1"]
[SourceVersionDate "2015.10.08"]
[SourceQuality "1"]

1. d4 Nf6 2. c4 e6 3. Nc3 Bb4 4. Nf3 c5 5. dxc5 Ne4 6. Qc2 Nxc3 7. bxc3 Bxc5 8. g3 b6 9. Bg2 Bb7 10. 0-0 Nc6 11. Rd1 Be7 12. Bf4 Rc8 13. Ne5 d6 14. c5 bxc5 15. Nc4 d5 16. Qa4 0-0 17. Rab1 Ba8 18. e4 d4 19. e5 Qd7 20. cxd4 cxd4 21. Na5 Rfd8 22. Nxc6 Bxc6 23. Bxc6 Rxc6 24. Rxd4 Qxd4 25. Qxc6 Bc5 26. Be3 Qd3 27. Rb3 Qd1+ 28. Kg2 Bxe3 29. Rxe3 g5 30. h3 Qd5+ 31. Qxd5 Rxd5 32. Kf3 Ra5 33. a3 Kg7 34. Ke2 h5 35. f3 Kg6 0-1

[Event "Bizkaia-ch Preferente"]
[Site "Bilbao"]
[Date "2012.10.27"]
[Round "2.8"]
[White "Gonzalez Pereira, Asier"]
[Black "Sanz Rodero, Mikel"]
[Result "0-1"]
[WhiteElo "2065"]
[BlackElo "2045"]
[PlyCount "66"]
[EventDate "2012.10.20"]
[EventType "swiss"]
[EventRounds "6"]
[EventCountry "ESP"]
[SourceTitle "EXT 2024"]
[Source "ChessBase"]
[SourceDate "2023.10.10"]
[SourceVersion "1"]
[SourceVersionDate "2023.10.10"]
[SourceQuality "1"]

1. e4 c5 2. Nf3 e6 3. d4 cxd4 4. Nxd4 Nc6 5. Nc3 Qc7 6. Be3 a6 7. g3 Nf6 8. Bg2 b5 9. e5 Ng4 10. Nxc6 Bb7 11. Qd4 Bxc6 12. Bxc6 Qxc6 13. Ne4 f5 14. exf6 Nxf6 15. Nxf6+ gxf6 16. 0-0 Bg7 17. a4 0-0 18. Rfd1 d5 19. c3 Rfc8 20. axb5 axb5 21. Qb6 Qxb6 22. Bxb6 Rab8 23. Ra6 Rc6 24. Ba7 Rxa6 25. Bxb8 b4 26. Bc7 bxc3 27. bxc3 f5 28. Rc1 Rc6 29. Ba5 Rc5 30. Bb4 Rc4 31. Kf1 Kf7 32. f4 d4 33. Ke2 dxc3 0-1

[Event "Benidorm op U2200 10th"]
[Site "Benidorm"]
[Date "2011.12.10"]
[Round "10"]
[White "Sanz Rodero, Mikel"]
[Black "Romero Calduch, Sergio"]
[Result "1-0"]
[WhiteElo "1994"]
[BlackElo "1889"]
[PlyCount "69"]
[EventDate "2011.12.02"]
[EventType "swiss"]
[EventRounds "10"]
[EventCountry "ESP"]
[SourceTitle "CBM 145 Extra"]
[Source "ChessBase"]
[SourceDate "2012.01.03"]
[SourceVersion "1"]
[SourceVersionDate "2012.01.03"]
[SourceQuality "1"]

1. e4 e6 2. d4 d5 3. exd5 exd5 4. Nf3 Bd6 5. c4 c6 6. Nc3 Ne7 7. Bd3 dxc4 8. Bxc4 0-0 9. 0-0 Bg4 10. h3 Bh5 11. g4 Bg6 12. Ne5 c5 13. Nxg6 Nxg6 14. dxc5 Bxc5 15. Bxf7+ Kxf7 16. Qb3+ Ke8 17. Qxb7 Nd7 18. Nb5 Qb8 19. Nc7+ Kd8 20. Ne6+ Ke8 21. Nxg7+ Ke7 22. Bg5+ Rf6 23. Rfe1+ Kf8 24. Qxb8+ Rxb8 25. Bxf6 Bb4 26. Ne6+ Kf7 27. Bc3 Bxc3 28. bxc3 Nde5 29. Ng5+ Kg7 30. Rab1 Rc8 31. Rb7+ Kg8 32. Reb1 Rxc3 33. Rb8+ Kg7 34. R1b7+ Kf6 35. Ne4+ 1-0

[Event "Benidorm op U2200 10th"]
[Site "Benidorm"]
[Date "2011.12.07"]
[Round "7"]
[White "Alfven, Jorgen"]
[Black "Sanz Rodero, Mikel"]
[Result "0-1"]
[WhiteElo "1896"]
[BlackElo "1994"]
[PlyCount "59"]
[EventDate "2011.12.02"]
[EventType "swiss"]
[EventRounds "10"]
[EventCountry "ESP"]
[SourceTitle "CBM 145 Extra"]
[Source "ChessBase"]
[SourceDate "2012.01.03"]
[SourceVersion "1"]
[SourceVersionDate "2012.01.03"]
[SourceQuality "1"]

1. d4 Nf6 2. c4 e6 3. Nc3 Bb4 4. Qc2 Nc6 5. Nf3 d6 6. a3 Bxc3+ 7. Qxc3 a5 8. b3 Qe7 9. Qc2 e5 10. dxe5 dxe5 11. Bb2 Bg4 12. e3 0-0 13. h3 Bh5 14. Nh4 Nd7 15. Nf5 Qe6 16. g4 Bg6 17. Bg2 Nc5 18. Bd5 Bxf5 19. gxf5 Qh6 20. Rg1 Rad8 21. 0-0-0 Nd4 22. Rxd4 exd4 23. Bxd4 c6 24. Bxc5 cxd5 25. Bxf8 Kxf8 26. cxd5 Qf6 27. Qc5+ Kg8 28. Qxa5 h6 29. Re1 b6 30. Qb4 0-1

[Event "Benidorm op U2200 10th"]
[Site "Benidorm"]
[Date "2011.12.06"]
[Round "6"]
[White "Sanz Rodero, Mikel"]
[Black "Lopez Heras, Arturo"]
[Result "1-0"]
[WhiteElo "1994"]
[BlackElo "1904"]
[PlyCount "21"]
[EventDate "2011.12.02"]
[EventType "swiss"]
[EventRounds "10"]
[EventCountry "ESP"]
[SourceTitle "CBM 145 Extra"]
[Source "ChessBase"]
[SourceDate "2012.01.03"]
[SourceVersion "1"]
[SourceVersionDate "2012.01.03"]
[SourceQuality "1"]

1. e4 e5 2. Nf3 Nc6 3. Nc3 Nf6 4. d4 exd4 5. Nxd4 d6 6. Nxc6 bxc6 7. Bd3 Be7 8. 0-0 0-0 9. Bg5 Nxe4 10. Bxe7 Nxc3 11. Bxh7+ 1-0

[Event "San Sebastian op 34th"]
[Site "San Sebastian"]
[Date "2011.04.21"]
[Round "6"]
[White "Lillo Ferrer, Josep Maria"]
[Black "Sanz Rodero, Mikel"]
[Result "1-0"]
[WhiteElo "2151"]
[BlackElo "2011"]
[PlyCount "119"]
[EventDate "2011.04.16"]
[EventType "swiss"]
[EventRounds "9"]
[EventCountry "ESP"]
[SourceTitle "CBM 141 Extra"]
[Source "ChessBase"]
[SourceDate "2011.05.03"]
[SourceVersion "1"]
[SourceVersionDate "2011.05.03"]
[SourceQuality "1"]

1. d4 Nf6 2. Bg5 Ne4 3. Bf4 c5 4. f3 Qa5+ 5. c3 Nf6 6. d5 Qb6 7. e4 d6 8. Nd2 g6 9. Nc4 Qd8 10. a4 Bg7 11. Bd3 0-0 12. Ne2 Nbd7 13. 0-0 a6 14. Qd2 Rb8 15. a5 Qc7 16. Ra3 Ne5 17. Nxe5 dxe5 18. Bg5 c4 19. Bc2 Ne8 20. Be3 e6 21. Bb6 Qd6 22. Rd1 exd5 23. Qxd5 Qxd5 24. exd5 Nf6 25. Bc7 Ra8 26. Ng3 Ne8 27. Bb6 Nd6 28. Ba4 f5 29. Bc7 Nb5 30. Bxb5 axb5 31. Raa1 Re8 32. Re1 Bd7 33. Re2 Rac8 34. Bd6 Ra8 35. Bb4 Bf8 36. Rae1 Bg7 37. Nf1 Kf7 38. Nd2 Rac8 39. Nb1 Bf6 40. Na3 Ra8 41. Kf1 Ra6 42. Kf2 Raa8 43. g3 Rad8 44. Bc5 Ra8 45. Bd6 Rxa5 46. Bxe5 Bxe5 47. Rxe5 Rxe5 48. Rxe5 Kf6 49. f4 Ra4 50. Re2 b4 51. Nxc4 Bb5 52. b3 Ra6 53. cxb4 Ra8 54. Re6+ Kg7 55. Re7+ Kf6 56. Rxh7 Ba6 57. Ke3 Re8+ 58. Kd4 Re4+ 59. Kc5 Re8 60. b5 1-0

[Event "Euskadi-chT"]
[Site "Bergara"]
[Date "2010.02.20"]
[Round "6.2"]
[White "Monje Peinado, Roberto"]
[Black "Sanz Rodero, Mikel"]
[Result "1-0"]
[WhiteElo "2013"]
[BlackElo "2056"]
[PlyCount "115"]
[EventDate "2010.01.09"]
[EventType "team-tourn"]
[EventRounds "9"]
[EventCountry "ESP"]
[SourceTitle "EXT 2011"]
[Source "ChessBase"]
[SourceDate "2010.11.26"]
[SourceVersion "1"]
[SourceVersionDate "2010.11.26"]
[SourceQuality "1"]

1. d4 d5 2. c4 e6 3. Nf3 c6 4. Qc2 f5 5. g3 Nf6 6. Bg2 Bd6 7. 0-0 0-0 8. b3 Qe7 9. e3 Ne4 10. Nbd2 Nd7 11. Bb2 b6 12. Ne5 Bb7 13. Ndf3 Ndf6 14. Nd3 Rac8 15. Nfe5 c5 16. f3 Ng5 17. dxc5 Bxc5 18. Nxc5 Qxc5 19. Bd4 Qe7 20. Qb2 Nf7 21. Nxf7 Rxf7 22. cxd5 Bxd5 23. Rac1 Rff8 24. Bxf6 Qxf6 25. Qxf6 gxf6 26. e4 fxe4 27. fxe4 Bc6 28. Bh3 Kf7 29. Rf4 Ke7 30. Rh4 Rf7 31. Bf1 Bb7 32. Rxc8 Bxc8 33. e5 fxe5 34. Bd3 Bb7 35. Rxh7 e4 36. Rxf7+ Kxf7 37. Bc2 Kf6 38. Kf2 Kf5 39. Ke3 Kg4 40. Bxe4 Ba6 41. Bg2 Bb5 42. Kf2 a5 43. h3+ Kf5 44. Ke3 a4 45. Be4+ Kg5 46. Bd3 Bc6 47. bxa4 Bxa4 48. Kd4 Kf6 49. h4 Bd7 50. Kc4 Bc6 51. Kd4 Be8 52. Ke3 Ke5 53. Be2 Bd7 54. g4 Bb5 55. a3 Bd7 56. g5 Ba4 57. h5 Be8 58. h6 1-0

[Event "Bizkaia-ch Preferente"]
[Site "Sestao"]
[Date "2008.11.08"]
[Round "3.4"]
[White "Galzagorri Uli, Yeray"]
[Black "Sanz Rodero, Mikel"]
[Result "1-0"]
[WhiteElo "2255"]
[BlackElo "1974"]
[PlyCount "89"]
[EventDate "2008.10.18"]
[EventType "swiss"]
[EventRounds "7"]
[EventCountry "ESP"]
[SourceTitle "EXT 2024"]
[Source "ChessBase"]
[SourceDate "2023.10.10"]
[SourceVersion "1"]
[SourceVersionDate "2023.10.10"]
[SourceQuality "1"]

1. c4 e5 2. Nf3 Nc6 3. Nc3 g6 4. d4 exd4 5. Nxd4 Bg7 6. Nxc6 bxc6 7. g3 Ne7 8. Bg2 0-0 9. 0-0 d6 10. Bg5 f6 11. Bf4 Be6 12. Qa4 f5 13. Rac1 Rb8 14. b3 c5 15. Qxa7 Bd7 16. Bg5 Bf6 17. Bxf6 Rxf6 18. Nd5 Nxd5 19. Bxd5+ Be6 20. Bg2 f4 21. Qa5 Qd7 22. Qd2 Rbf8 23. a4 Bh3 24. Qd5+ Be6 25. Qc6 Qc8 26. a5 Bh3 27. Bxh3 Qxh3 28. a6 g5 29. Qg2 Qxg2+ 30. Kxg2 f3+ 31. exf3 Rxf3 32. Rb1 g4 33. Rb2 Kf7 34. Ra1 Ra8 35. a7 Ke6 36. h3 h5 37. hxg4 hxg4 38. b4 cxb4 39. Rxb4 Rff8 40. Rb5 c5 41. Rb7 Rf7 42. Rxf7 Kxf7 43. f3 gxf3+ 44. Kxf3 Ke6 45. Ke4 1-0

[Event "Bizkaia-ch Preferente"]
[Site "Sestao"]
[Date "2008.10.25"]
[Round "2.6"]
[White "Sanz Rodero, Mikel"]
[Black "Sarralde Osua, Rodrigo"]
[Result "1/2-1/2"]
[WhiteElo "1974"]
[BlackElo "2184"]
[PlyCount "98"]
[EventDate "2008.10.18"]
[EventType "swiss"]
[EventRounds "7"]
[EventCountry "ESP"]
[SourceTitle "EXT 2024"]
[Source "ChessBase"]
[SourceDate "2023.10.10"]
[SourceVersion "1"]
[SourceVersionDate "2023.10.10"]
[SourceQuality "1"]

1. e4 c5 2. Nf3 e6 3. d4 cxd4 4. Nxd4 a6 5. Bd3 Bc5 6. Nb3 Ba7 7. Nc3 Nc6 8. Qe2 d6 9. Be3 Bxe3 10. Qxe3 Nf6 11. f4 Qc7 12. 0-0-0 0-0 13. Rhg1 b5 14. g4 b4 15. Ne2 Bb7 16. g5 Nd7 17. Kb1 Rfc8 18. h4 Nf8 19. h5 a5 20. f5 a4 21. Nd2 b3 22. cxb3 Nb4 23. Rc1 Qd7 24. a3 Nxd3 25. Qxd3 axb3 26. Rxc8 Rxc8 27. Rc1 exf5 28. exf5 Qa4 29. Qxb3 Qxb3 30. Nxb3 Be4+ 31. Ka2 Rxc1 32. Nbxc1 Bxf5 33. Nd4 Be4 34. b4 Ne6 35. Nxe6 fxe6 36. a4 h6 37. gxh6 gxh6 38. b5 Kf8 39. Kb3 Ke8 40. Kb4 Kd8 41. a5 Kc7 42. Ne2 e5 43. a6 Bf3 44. Ng3 Kb6 45. Nf5 d5 46. Nxh6 Bxh5 47. Nf5 Be8 48. Ne3 Bxb5 49. Nxd5+ Kxa6 1/2-1/2

[Event "ESP-ch U18"]
[Site "Padron"]
[Date "2008.08.01"]
[Round "8"]
[White "Vila Gonzalez, Daniel"]
[Black "Sanz Rodero, Mikel"]
[Result "1/2-1/2"]
[WhiteElo "2039"]
[BlackElo "1982"]
[PlyCount "28"]
[EventDate "2008.07.27"]
[EventType "swiss"]
[EventRounds "9"]
[EventCountry "ESP"]
[SourceTitle "CBM 125 Extra"]
[Source "ChessBase"]
[SourceDate "2008.09.01"]
[SourceVersion "1"]
[SourceVersionDate "2008.09.01"]
[SourceQuality "1"]

1. e4 d5 2. exd5 Qxd5 3. Nc3 Qd8 4. d4 Nf6 5. Bc4 a6 6. Nf3 b5 7. Bb3 c5 8. dxc5 Qxd1+ 9. Kxd1 e6 10. Ke2 Bxc5 11. h3 Bb7 12. Rd1 h6 13. Bf4 Nc6 14. a3 Ke7 1/2-1/2

[Event "ESP-ch U18"]
[Site "Padron"]
[Date "2008.07.29"]
[Round "5"]
[White "Sanz Rodero, Mikel"]
[Black "Perez Malvido, Javier"]
[Result "1-0"]
[WhiteElo "1982"]
[BlackElo "1842"]
[PlyCount "85"]
[EventDate "2008.07.27"]
[EventType "swiss"]
[EventRounds "9"]
[EventCountry "ESP"]
[SourceTitle "CBM 125 Extra"]
[Source "ChessBase"]
[SourceDate "2008.09.01"]
[SourceVersion "1"]
[SourceVersionDate "2008.09.01"]
[SourceQuality "1"]

1. e4 c5 2. Nf3 e6 3. d4 cxd4 4. Nxd4 Nf6 5. Nc3 Nc6 6. Ndb5 Bb4 7. a3 Bxc3+ 8. Nxc3 d5 9. Bd3 dxe4 10. Nxe4 Nxe4 11. Bxe4 Qxd1+ 12. Kxd1 Bd7 13. Be3 0-0-0 14. Kc1 f5 15. Bf3 e5 16. Rd1 e4 17. Be2 Be6 18. b3 Rxd1+ 19. Bxd1 Rd8 20. Kb2 a6 21. Be2 Ne5 22. h3 h6 23. Rd1 Rxd1 24. Bxd1 g5 25. Bd4 Ng6 26. Bg7 h5 27. g3 g4 28. h4 Kd7 29. Kc3 Kd6 30. Kd4 b6 31. c4 Kc6 32. b4 b5 33. cxb5+ axb5 34. a4 Bc4 35. axb5+ Bxb5 36. Bb3 Bd3 37. Bf7 Ne7 38. Bf8 Nc8 39. Bxh5 Nb6 40. Be8+ Nd7 41. h5 Kc7 42. Bxd7 Kxd7 43. h6 1-0

[Event "Euskadi-ch U18"]
[Site "Eibar"]
[Date "2008.03.29"]
[Round "6"]
[White "Sevilla Subiza, Marina"]
[Black "Sanz Rodero, Mikel"]
[Result "0-1"]
[WhiteElo "1607"]
[BlackElo "1975"]
[PlyCount "64"]
[EventDate "2008.03.25"]
[EventType "swiss"]
[EventRounds "6"]
[EventCountry "ESP"]
[SourceTitle "EXT 2024"]
[Source "ChessBase"]
[SourceDate "2023.10.10"]
[SourceVersion "1"]
[SourceVersionDate "2023.10.10"]
[SourceQuality "1"]

1. d4 Nf6 2. c4 e6 3. Nc3 Bb4 4. Bg5 c5 5. dxc5 Na6 6. Bd2 Nxc5 7. Nf3 0-0 8. e3 d5 9. cxd5 exd5 10. Be2 Qe7 11. 0-0 Nce4 12. Qc2 Nxd2 13. Qxd2 Be6 14. Qd4 Rfd8 15. a3 Bc5 16. Qd3 Rac8 17. Rac1 g6 18. Qc2 Bf5 19. Bd3 Ne4 20. Bxe4 dxe4 21. Nd2 Bd6 22. Qb1 Bxh2+ 23. Kxh2 Rxd2 24. Rcd1 Rcd8 25. Kg1 h5 26. Rxd2 Rxd2 27. Rd1 Rd3 28. f3 Rxd1+ 29. Qxd1 exf3 30. Qxf3 Kh7 31. Nd5 Qc5 32. Nf6+ Kg7 0-1